000
00230nam a22000857a 4500
008
160711b xxu||||| |||| 00| 0 eng d
100
_9
2565
_a
Caspar, F
245
_a
Oscar: The Dachshund
260
_a
New York
_b
Franklin Watts.Inc.
_c
1962
999
_c
2231
_d
2231